[Event "Oberliga Bayern 1314"]
[Site "Bayern"]
[Date "2014.01.19"]
[Round "5.5"]
[White "Jell, Klaus"]
[Black "Buchner, Rudolf"]
[Result "1-0"]
[WhiteElo "2234"]
[BlackElo "2257"]
[PlyCount "115"]
[EventDate "2013.10.13"]
[EventType "team-tourn"]
[EventRounds "9"]
[EventCountry "GER"]
[SourceTitle "EXT 2015"]
[Source "ChessBase"]
[SourceDate "2014.11.20"]
[SourceVersion "1"]
[SourceVersionDate "2014.11.20"]
[SourceQuality "1"]
[WhiteTeam "Kareth Lappersdorf"]
[BlackTeam "Muenchen Tarrasch"]
[WhiteTeamCountry "GER"]
[BlackTeamCountry "GER"]

1. e4 e5 2. Nf3 Nc6 3. Bb5 a6 4. Ba4 Nf6 5. 0-0 Be7 6. Re1 b5 7. Bb3 d6 8. c3 0-0 9. h3 Na5 10. Bc2 c5 11. d4 Qc7 12. Nbd2 Nc6 13. dxc5 dxc5 14. Nf1 Be6 15. Ne3 Rad8 16. Qe2 g6 17. a4 c4 18. Ng5 Bc8 19. axb5 axb5 20. b3 Na5 21. bxc4 bxc4 22. Ba3 Nb3 23. Bxe7 Qxe7 24. Rad1 Nh5 25. h4 h6 26. Nf3 Na5 27. Nd5 Qe6 28. Ra1 Nc6 29. Qxc4 Kg7 30. Ne3 Qf6 31. Ba4 Bd7 32. Red1 Na5 33. Qc5 Bxa4 34. Rxd8 Rxd8 35. Rxa4 Nb3 36. Qxe5 Qxe5 37. Nxe5 Re8 38. N3c4 Re7 39. f3 Nf4 40. Kf2 f6 41. Nc6 Rc7 42. Ra7 Rxa7 43. Nxa7 Nc5 44. g3 Nfe6 45. Ke3 Nc7 46. Nd6 Kf8 47. Nc6 N7e6 48. f4 g5 49. f5 Nc7 50. hxg5 hxg5 51. c4 Nb3 52. e5 fxe5 53. Ke4 Ne8 54. Nxe8 Kxe8 55. Kxe5 Kd7 56. Nd4 Nd2 57. c5 g4 58. Kf4 1-0

[Event "Regionalliga NO 1112"]
[Site "Bayern"]
[Date "2012.01.15"]
[Round "5.4"]
[White "Lutz, Rainer"]
[Black "Jell, Klaus"]
[Result "0-1"]
[WhiteElo "1863"]
[BlackElo "2195"]
[PlyCount "48"]
[EventDate "2011.10.02"]
[EventType "team-tourn"]
[EventRounds "9"]
[EventCountry "GER"]
[SourceTitle "EXT 2013"]
[Source "ChessBase"]
[SourceDate "2012.11.22"]
[SourceVersion "1"]
[SourceVersionDate "2012.11.22"]
[SourceQuality "1"]
[WhiteTeam "Bechhofen"]
[BlackTeam "Kareth Lappersdorf"]
[WhiteTeamCountry "GER"]
[BlackTeamCountry "GER"]

1. c4 f5 2. e3 Nf6 3. Qc2 g6 4. Nc3 Bg7 5. Nf3 0-0 6. d4 d6 7. b3 c6 8. Be2 Na6 9. a3 Qe8 10. Bb2 e5 11. 0-0 e4 12. Nd2 Nc7 13. b4 Bd7 14. Rfd1 g5 15. Nf1 Qg6 16. Ng3 Rae8 17. d5 f4 18. Nh1 cxd5 19. cxd5 Rc8 20. Qd2 Ng4 21. exf4 gxf4 22. f3 Ne3 23. Bf1 exf3 24. Qf2 fxg2 0-1

[Event "Oberliga Bayern 1011"]
[Site "Germany"]
[Date "2011.03.20"]
[Round "8.8"]
[White "Jell, Klaus"]
[Black "Stuhler, Kilian"]
[Result "1-0"]
[WhiteElo "2195"]
[BlackElo "1828"]
[PlyCount "55"]
[EventDate "2010.10.10"]
[EventType "team-tourn"]
[EventRounds "9"]
[EventCountry "GER"]
[SourceTitle "EXT 2012"]
[Source "ChessBase"]
[SourceDate "2011.11.24"]
[SourceVersion "1"]
[SourceVersionDate "2011.11.24"]
[SourceQuality "1"]
[WhiteTeam "Regensburg Fortuna"]
[BlackTeam "Dillingen"]
[WhiteTeamCountry "GER"]
[BlackTeamCountry "GER"]

1. e4 c5 2. Nf3 d6 3. d4 cxd4 4. Nxd4 Nf6 5. Nc3 g6 6. Be2 Bg7 7. Nb3 a6 8. g4 Nc6 9. g5 Nd7 10. Be3 b5 11. Qd2 Bb7 12. 0-0-0 Rc8 13. Nd5 0-0 14. h4 Nce5 15. Na5 Bxd5 16. exd5 Nb6 17. Qb4 Qc7 18. c3 Nbc4 19. Nxc4 Nxc4 20. Bd4 Rb8 21. Bxg7 Kxg7 22. Rd4 a5 23. Qb3 Rfc8 24. h5 Qc5 25. hxg6 hxg6 26. Bxc4 bxc4 27. Rdh4 Rh8 28. Qxb8 1-0

[Event "Oberliga Bayern 1011"]
[Site "Germany"]
[Date "2010.12.12"]
[Round "4.8"]
[White "Jell, Klaus"]
[Black "Ter Akopyan, Bagrat"]
[Result "1-0"]
[WhiteElo "2195"]
[BlackElo "2040"]
[PlyCount "93"]
[EventDate "2010.10.10"]
[EventType "team-tourn"]
[EventRounds "9"]
[EventCountry "GER"]
[SourceTitle "EXT 2012"]
[Source "ChessBase"]
[SourceDate "2011.11.24"]
[SourceVersion "1"]
[SourceVersionDate "2011.11.24"]
[SourceQuality "1"]
[WhiteTeam "Regensburg Fortuna"]
[BlackTeam "Puschendorf"]
[WhiteTeamCountry "GER"]
[BlackTeamCountry "GER"]

1. e4 c5 2. Nf3 d6 3. d4 cxd4 4. Nxd4 Nf6 5. Nc3 a6 6. h3 e5 7. Nde2 Be7 8. g4 Be6 9. Bg2 Nc6 10. Be3 b5 11. Qd2 Rc8 12. 0-0 g5 13. Nd5 Bxd5 14. exd5 Na5 15. b3 h5 16. f3 h4 17. a4 Nb7 18. axb5 axb5 19. Ra7 Nc5 20. Rfa1 Nfd7 21. Qb4 Qb6 22. Bf2 Qb8 23. R7a5 0-0 24. Rxb5 Qc7 25. Qa5 Qxa5 26. Raxa5 Rc7 27. b4 Nb7 28. Ra7 Rb8 29. c4 Kf8 30. Bf1 Ke8 31. Nc3 Kd8 32. Ne4 Kc8 33. Be3 f6 34. Bd3 Nd8 35. Rxc7+ Kxc7 36. Rxb8 Kxb8 37. c5 Kc7 38. Kf1 Nf7 39. Ke2 Nh6 40. Bb5 f5 41. Bxd7 Kxd7 42. c6+ Kc8 43. Bxg5 Ng8 44. Bxe7 Nxe7 45. Nxd6+ Kc7 46. Nxf5 Nxd5 47. b5 1-0

[Event "Landesliga Nord 0304"]
[Site "Bayern"]
[Date "2004.03.07"]
[Round "7.8"]
[White "Jell, Klaus"]
[Black "Fiedler, Wolfgang"]
[Result "0-1"]
[WhiteElo "2165"]
[BlackElo "1939"]
[PlyCount "134"]
[EventDate "2003.10.??"]
[EventType "team"]
[EventRounds "9"]
[EventCountry "GER"]
[SourceTitle "EXT 2006"]
[Source "ChessBase"]
[SourceDate "2005.11.24"]
[SourceVersion "1"]
[SourceVersionDate "2005.11.24"]
[SourceQuality "1"]
[WhiteTeam "Regensburg Fortuna II"]
[BlackTeam "Forchheim II"]
[WhiteTeamCountry "GER"]
[BlackTeamCountry "GER"]

1. e4 g6 2. d4 Bg7 3. Nc3 d6 4. Be2 Nf6 5. g4 e5 6. g5 Nfd7 7. Be3 Nc6 8. Nf3 b6 9. Qd2 Bb7 10. h4 Rg8 11. 0-0-0 f6 12. gxf6 Nxf6 13. d5 Nb8 14. Ng5 Bc8 15. Rdg1 Ba6 16. Nb5 Bc8 17. Nc3 Qe7 18. f4 a6 19. fxe5 dxe5 20. Nf3 Nbd7 21. Bg5 Bb7 22. h5 0-0-0 23. hxg6 hxg6 24. Nh4 Qf7 25. Rf1 Nf8 26. Qe1 N8h7 27. Bg4+ Kb8 28. Be6 Qe8 29. Bxf6 Bxf6 30. Bxg8 Qxg8 31. Qg3 Bg5+ 32. Kb1 Bf4 33. Qxg6 Ng5 34. Qxg8 Rxg8 35. Rhg1 Bc8 36. Nf3 Nxf3 37. Rxg8 Nd2+ 38. Kc1 Nxf1+ 39. Kb1 Kb7 40. Ne2 Nd2+ 41. Ka1 Nxe4 42. Nxf4 exf4 43. Rf8 b5 44. Rxf4 Nd6 45. a4 Kb6 46. axb5 axb5 47. b4 Bf5 48. c3 Be4 49. Rf8 Bxd5 50. Rb8+ Kc6 51. Rh8 Be4 52. Rh5 Bf5 53. Kb2 Kd5 54. Rh4 c6 55. Rd4+ Ke5 56. Rh4 Be4 57. Rh8 Kf4 58. Rh4+ Ke3 59. Rh3+ Bf3 60. Kc2 Nc4 61. Rg3 Kf2 62. Rh3 Be4+ 63. Kc1 Ke2 64. Rh2+ Kd3 65. Rh3+ Ne3 66. Kb2 Bg2 67. Rg3 Kd2 0-1

[Event "Regionalliga NO 9697"]
[Site "Bayern"]
[Date "1997.??.??"]
[Round "?"]
[White "Jell, Klaus"]
[Black "Schatz, Christian"]
[Result "0-1"]
[WhiteElo "2230"]
[BlackElo "2165"]
[PlyCount "50"]
[EventDate "1996.10.??"]
[EventType "team-tourn"]
[EventRounds "9"]
[EventCountry "GER"]
[SourceTitle "EXT 1999"]
[Source "ChessBase"]
[SourceDate "1998.11.16"]
[SourceVersion "1"]
[SourceVersionDate "1998.11.16"]
[SourceQuality "1"]
[WhiteTeam "Regensburg Fortuna II"]
[BlackTeam "Gunzenhausen"]
[WhiteTeamCountry "GER"]
[BlackTeamCountry "GER"]

1. e4 c6 2. d4 d5 3. Nc3 dxe4 4. Nxe4 Nf6 5. Nxf6+ gxf6 6. c3 Bf5 7. h4 h5 8. Ne2 e6 9. Ng3 Bg6 10. Be2 Qa5 11. b4 Qc7 12. Bxh5 a5 13. Bxg6 fxg6 14. Bd2 axb4 15. cxb4 Nd7 16. Qg4 Kf7 17. h5 g5 18. f4 Bd6 19. 0-0 Rag8 20. fxg5 Bxg3 21. g6+ Ke7 22. h6 Qd6 23. h7 Rxh7 24. gxh7 Rxg4 25. h8Q Qxd4+ 0-1

[Event "Oberliga Bayern 9394"]
[Site "Bayern"]
[Date "1994.05.08"]
[Round "9.6"]
[White "Jell, Klaus"]
[Black "Rohrbach, Frank"]
[Result "0-1"]
[WhiteElo "2210"]
[BlackElo "2085"]
[PlyCount "88"]
[EventDate "1993.10.10"]
[EventType "team-tourn"]
[EventRounds "9"]
[EventCountry "GER"]
[SourceTitle "EXT 2020"]
[Source "ChessBase"]
[SourceDate "2019.10.17"]
[SourceVersion "1"]
[SourceVersionDate "2019.10.17"]
[SourceQuality "1"]
[WhiteTeam "Regensburg Fortuna"]
[BlackTeam "Erlangen TB"]
[WhiteTeamCountry "GER"]
[BlackTeamCountry "GER"]

1. e4 c5 2. Nf3 d6 3. d4 cxd4 4. Nxd4 Nf6 5. Nc3 a6 6. h3 e6 7. g4 Be7 8. Bg2 Qc7 9. Be3 Nc6 10. Qe2 Rb8 11. f4 Na5 12. Rd1 b5 13. 0-0 Nc4 14. Bc1 b4 15. Na4 Bb7 16. b3 Nb6 17. Nb2 0-0 18. g5 Nfd7 19. f5 e5 20. Nf3 Rfe8 21. Nh4 d5 22. g6 fxg6 23. fxg6 Bxh4 24. Qh5 Nf6 25. gxh7+ Kh8 26. Qxh4 Nxe4 27. Nd3 Rf8 28. Bb2 Nd7 29. Qe7 Rfe8 30. Qxb4 Qxc2 31. Qe1 Re7 32. Qe3 d4 33. Qe1 Ndf6 34. Ba3 Ree8 35. Nb4 Qc3 36. Qh4 Qc7 37. Bb2 Qa5 38. a3 Qb6 39. Kh2 a5 40. Nd3 Qxb3 41. Rg1 Qc2 42. Kh1 Ba8 43. Nxe5 Rxe5 44. Bxd4 Rh5 0-1

[Event "Oberliga Bayern 9394"]
[Site "Bayern"]
[Date "1994.01.16"]
[Round "4.6"]
[White "Heiling, Thomas"]
[Black "Jell, Klaus"]
[Result "0-1"]
[WhiteElo "2220"]
[BlackElo "2210"]
[PlyCount "80"]
[EventDate "1993.10.10"]
[EventType "team-tourn"]
[EventRounds "9"]
[EventCountry "GER"]
[SourceTitle "EXT 2020"]
[Source "ChessBase"]
[SourceDate "2019.10.17"]
[SourceVersion "1"]
[SourceVersionDate "2019.10.17"]
[SourceQuality "1"]
[WhiteTeam "Marktheidenfeld"]
[BlackTeam "Regensburg Fortuna"]
[WhiteTeamCountry "GER"]
[BlackTeamCountry "GER"]

1. Nf3 Nf6 2. d4 g6 3. c4 Bg7 4. Nc3 0-0 5. e4 d6 6. Be2 c5 7. 0-0 Bg4 8. Be3 cxd4 9. Nxd4 Bxe2 10. Qxe2 Nc6 11. Rad1 Qc8 12. Nd5 Re8 13. Nb5 Rd8 14. Bg5 Nxd5 15. cxd5 a6 16. dxc6 axb5 17. Bxe7 Re8 18. Bxd6 Qxc6 19. e5 Rxa2 20. Rfe1 Qc4 21. Rc1 Qb3 22. Rc2 Rea8 23. Rec1 h5 24. f4 Bh6 25. g3 Ra1 26. Kf2 Rxc1 27. Rxc1 Ra2 28. Rc8+ Kh7 29. Rc2 Qd5 30. Qf3 Qd4+ 31. Qe3 Qd1 32. Qd2 Qh1 33. Ke3 Ra1 34. Bb4 Bf8 35. Rc7 Qg1+ 36. Kd3 Rd1 37. Rxf7+ Kg8 38. Rxf8+ Kg7 39. e6 Rxd2+ 40. Kxd2 Qd4+ 0-1

[Event "Oberliga Bayern 9495"]
[Site "Bayern"]
[Date "1994.??.??"]
[Round "?.7"]
[White "Heiling, Thomas"]
[Black "Jell, Klaus"]
[Result "1/2-1/2"]
[WhiteElo "2225"]
[BlackElo "2230"]
[PlyCount "73"]
[EventDate "1994.10.09"]
[EventType "team-tourn"]
[EventRounds "9"]
[EventCountry "GER"]
[SourceTitle "EXT 1999"]
[Source "ChessBase"]
[SourceDate "1998.11.16"]
[SourceVersion "1"]
[SourceVersionDate "1998.11.16"]
[SourceQuality "1"]
[WhiteTeam "Marktheidenfeld"]
[BlackTeam "Regensburg Fortuna"]
[WhiteTeamCountry "GER"]
[BlackTeamCountry "GER"]

1. d4 Nf6 2. c4 g6 3. Nc3 Bg7 4. e4 d6 5. Nf3 0-0 6. Be2 Nbd7 7. 0-0 e5 8. d5 a5 9. Bg5 h6 10. Bh4 g5 11. Bg3 Nh5 12. Nd2 Nf4 13. Bg4 Nf6 14. Bxc8 Rxc8 15. f3 h5 16. a3 Bh6 17. b4 axb4 18. axb4 Kh7 19. c5 Rg8 20. Kh1 g4 21. Bh4 gxf3 22. g3 Ng6 23. Nxf3 Nxh4 24. Nxh4 Bg5 25. Nf5 Ng4 26. Ra7 dxc5 27. bxc5 Qf8 28. d6 cxd6 29. Nxd6 Rxc5 30. Ncb5 Rc1 31. Qf3 Rc2 32. Rxb7 Rxh2+ 33. Kg1 Be3+ 34. Qxe3 Rg2+ 35. Kh1 Rh2+ 36. Kg1 Rg2+ 37. Kh1 1/2-1/2

[Event "Oberliga Bayern 9394"]
[Site "Bayern"]
[Date "1993.10.10"]
[Round "1.6"]
[White "Jell, Klaus"]
[Black "Gazmaga, Stefan"]
[Result "1-0"]
[WhiteElo "2210"]
[BlackElo "2165"]
[PlyCount "59"]
[EventDate "1993.10.10"]
[EventType "team-tourn"]
[EventRounds "9"]
[EventCountry "GER"]
[SourceTitle "EXT 2020"]
[Source "ChessBase"]
[SourceDate "2019.10.17"]
[SourceVersion "1"]
[SourceVersionDate "2019.10.17"]
[SourceQuality "1"]
[WhiteTeam "Regensburg Fortuna"]
[BlackTeam "Regensburg DJK"]
[WhiteTeamCountry "GER"]
[BlackTeamCountry "GER"]

1. e4 c5 2. Nf3 Nc6 3. d4 cxd4 4. Nxd4 e6 5. Nc3 a6 6. f4 Nxd4 7. Qxd4 Ne7 8. Bd3 Nc6 9. Qf2 b5 10. Be3 Bb7 11. 0-0 Be7 12. f5 Bf6 13. Qg3 Qb8 14. Qh3 Qc7 15. Rad1 Ne5 16. Bf4 Qc5+ 17. Kh1 h5 18. Be3 Qc6 19. fxe6 fxe6 20. Ne2 Nxd3 21. cxd3 Bxb2 22. Qg3 Bf6 23. Qg6+ Ke7 24. Rxf6 gxf6 25. Qg7+ Kd6 26. Rc1 Qxc1+ 27. Bxc1 b4 28. Qxf6 Raf8 29. Qd4+ Kc7 30. Bf4+ 1-0

[Event "BL2-Ost 9192"]
[Site "Germany"]
[Date "1992.??.??"]
[Round "?"]
[White "Jell, Klaus"]
[Black "Schubert, Christian"]
[Result "1/2-1/2"]
[WhiteElo "2225"]
[BlackElo "2285"]
[PlyCount "108"]
[EventDate "1991.10.??"]
[EventType "team-tourn"]
[EventRounds "9"]
[EventCountry "GER"]
[SourceTitle "GER-chT2"]
[Source "ChessBase"]
[SourceDate "1999.07.01"]
[SourceVersion "1"]
[SourceVersionDate "1999.07.01"]
[SourceQuality "1"]

1. e4 c5 2. Nf3 e6 3. d3 Nc6 4. g3 d5 5. Nbd2 g6 6. Bg2 Bg7 7. 0-0 Nge7 8. Re1 0-0 9. Qe2 e5 10. c3 b6 11. exd5 Nxd5 12. Nc4 Re8 13. Ne3 Nf4 14. gxf4 exf4 15. d4 fxe3 16. dxc5 bxc5 17. Bxe3 Bg4 18. Qd2 Bxf3 19. Bxf3 Ne5 20. Bg2 Qxd2 21. Bxd2 Rab8 22. b3 Nd3 23. Rxe8+ Rxe8 24. Rd1 Nb2 25. Rb1 Nd3 26. Rd1 Nb2 27. Re1 Rxe1+ 28. Bxe1 Nd1 29. c4 Bc3 30. Kf1 Be5 31. h3 Nc3 32. Bxc3 Bxc3 33. Ke2 f5 34. Kd3 Be1 35. f4 Kf7 36. Bd5+ Ke7 37. Ke3 Kd6 38. Bg8 Ke7 39. Ke2 Bb4 40. Ke3 Kf6 41. Bd5 Ba3 42. Kf3 Bb4 43. Ke2 Ba5 44. h4 Kg7 45. Kf2 Bd2 46. Kg3 Be1+ 47. Kh3 Kf6 48. Bg8 h6 49. Bd5 Ke7 50. Bg8 Ba5 51. Kg3 Bc7 52. Kf3 Bd8 53. Bd5 Ba5 54. Kg3 Be1+ 1/2-1/2

[Event "BL2-Ost 9192"]
[Site "Germany"]
[Date "1992.??.??"]
[Round "?"]
[White "Jell, Klaus"]
[Black "Wegener, Dirk"]
[Result "1-0"]
[WhiteElo "2225"]
[BlackElo "2280"]
[PlyCount "81"]
[EventDate "1991.10.??"]
[EventType "team-tourn"]
[EventRounds "9"]
[EventCountry "GER"]
[SourceTitle "GER-chT2"]
[Source "ChessBase"]
[SourceDate "1999.07.01"]
[SourceVersion "1"]
[SourceVersionDate "1999.07.01"]
[SourceQuality "1"]

1. e4 e6 2. d3 d5 3. Nd2 Nf6 4. Ngf3 c5 5. g3 Nc6 6. Bg2 Bd6 7. 0-0 0-0 8. Re1 Bc7 9. Qe2 Rb8 10. Nf1 b5 11. e5 Nd7 12. Bf4 b4 13. h4 f6 14. exf6 Nxf6 15. Bxc7 Qxc7 16. c4 bxc3 17. bxc3 Bd7 18. c4 Rb6 19. cxd5 exd5 20. Rec1 Qd6 21. Qe3 Nb4 22. a3 d4 23. Qd2 Nbd5 24. Qc2 Nc3 25. Re1 Rfb8 26. N1d2 Rb2 27. Qc1 Qf8 28. Nc4 Ne2+ 29. Rxe2 Rxe2 30. Nfe5 Re8 31. f4 Kh8 32. Bf3 R2xe5 33. Nxe5 Be6 34. Rb1 Bd5 35. Bxd5 Nxd5 36. Qc4 Qg8 37. Rb7 h6 38. Nf7+ Kh7 39. Qxd5 Re3 40. Qf5+ g6 41. Ng5+ 1-0

[Event "Bundesliga 8990"]
[Site "Germany"]
[Date "1990.??.??"]
[Round "?.5"]
[White "Michaelsen, Nils"]
[Black "Jell, Klaus"]
[Result "1-0"]
[WhiteElo "2285"]
[BlackElo "2240"]
[PlyCount "87"]
[EventDate "1989.10.??"]
[EventType "team-tourn"]
[EventRounds "15"]
[EventCountry "GER"]
[SourceTitle "GER-chT"]
[Source "ChessBase"]
[SourceDate "1999.07.01"]
[SourceVersion "1"]
[SourceVersionDate "1999.07.01"]
[SourceQuality "1"]
[WhiteTeam "Hamburger SK"]
[BlackTeam "Regensburg"]
[WhiteTeamCountry "GER"]
[BlackTeamCountry "GER"]

1. d4 Nf6 2. c4 g6 3. Nc3 Bg7 4. e4 d6 5. f4 0-0 6. Nf3 c5 7. d5 a6 8. a4 e6 9. Be2 exd5 10. cxd5 Re8 11. Nd2 Qa5 12. 0-0 b5 13. e5 dxe5 14. fxe5 Rxe5 15. axb5 Qd8 16. Nc4 Re8 17. Bf3 Nbd7 18. Nd6 Rf8 19. Bf4 Nb6 20. Qe2 axb5 21. Rxa8 Nxa8 22. Qxb5 Nd7 23. Nxc8 Qxc8 24. d6 Nab6 25. Kh1 h6 26. h3 Qb8 27. Bc6 Rd8 28. Re1 Bf8 29. Ne4 c4 30. Rd1 Bg7 31. Bh2 Kh7 32. Nc3 Kg8 33. Re1 Bf8 34. Rd1 Bg7 35. Bg3 Kh7 36. Bh4 Bf6 37. Bg3 Bg7 38. Ne4 Kg8 39. Bh4 g5 40. Bg3 Kf8 41. Rf1 Kg8 42. Qf5 Bxb2 43. Qxf7+ Kh8 44. Qg6 1-0

[Event "BL2-Sued 8889"]
[Site "Germany"]
[Date "1989.??.??"]
[Round "?.4"]
[White "Birke, Matthias"]
[Black "Jell, Klaus"]
[Result "1/2-1/2"]
[WhiteElo "2290"]
[BlackElo "2240"]
[PlyCount "55"]
[EventDate "1988.10.??"]
[EventType "team-tourn"]
[EventRounds "9"]
[EventCountry "GER"]
[SourceTitle "GER-chT2"]
[Source "ChessBase"]
[SourceDate "1999.07.01"]
[SourceVersion "1"]
[SourceVersionDate "1999.07.01"]
[SourceQuality "1"]
[WhiteTeam "Stuttgart"]
[BlackTeam "Regensburg"]
[WhiteTeamCountry "GER"]
[BlackTeamCountry "GER"]

1. c4 c5 2. Nc3 Nc6 3. g3 g6 4. Bg2 Bg7 5. Nf3 e5 6. 0-0 Nge7 7. a3 0-0 8. Rb1 a5 9. d3 d6 10. Ne1 Be6 11. Nd5 f5 12. Bd2 Rb8 13. b4 axb4 14. axb4 b5 15. Nxe7+ Nxe7 16. cxb5 Rxb5 17. bxc5 Rxc5 18. Be3 Rc3 19. Bb6 Qc8 20. Ba5 Ra3 21. Bb4 Ra6 22. Bd2 d5 23. Nf3 e4 24. Ng5 h6 25. Nxe6 Qxe6 26. Qb3 Rfa8 27. dxe4 dxe4 28. Qxe6+ 1/2-1/2